000 00442nam a2200169 a 4500
001 13464
005 20180713201836.0
008 140415s1985 000 0 spa d
041 _aspa
082 _a808.833
_bGRE
100 1 _aWISTER, OWEN
245 1 4 _aTHE VIRGINIAN :
_bA HORSEMAN OF THE PLAINS
260 _a[s.l.] :
_bBANTAM,
_c1985
300 _a330
490 _aTHE GREATEST HISTORICAL NOVELS
650 1 4 _aNOVELA
999 _c13464
_d13464